Franz von Baader et le romantisme mystique
Gespeichert in:
| 1. Verfasser: | |
|---|---|
| Format: | Buch |
| Sprache: | Französisch |
| Veröffentlicht: |
París
J. Vrin
1942
|
| Schriftenreihe: | Bibliothèque d'Histoire de la Philosophie
|
| Schlagworte: | |
| Tags: |
Tag hinzufügen
Keine Tags, Fügen Sie den ersten Tag hinzu!
|
MARC
| LEADER | 00000nam a2200000 a 4500 | ||
|---|---|---|---|
| 001 | UCZ4751 | ||
| 003 | CL-VaPUC | ||
| 008 | 951110e19420000FR |||||||||||||||||fre|d | ||
| 082 | 0 | 4 | |a 193 |b SUS |2 21 |
| 100 | 0 | |a Susini, Eugène |e author |9 348749 | |
| 245 | 1 | 0 | |a Franz von Baader et le romantisme mystique |
| 300 | |a v | ||
| 942 | |c BK | ||
| 945 | |d 19951110 00:00:00 |a lriquelm | ||
| 260 | |a París |b J. Vrin |c 1942 | ||
| 500 | |a v.2: La philosophie de Franz von Baader | ||
| 600 | 0 | 7 | |a BAADER, FRANZ VON |2 CL-VaPUC |9 348750 |
| 650 | 0 | |a Filosofía alemana |9 265002 | |
| 650 | 7 | |a HOMBRE |2 CL-VaPUC |9 262149 | |
| 650 | 0 | |a Filosofía de la naturaleza |9 265899 | |
| 650 | 0 | |a Racionalismo |9 259116 | |
| 583 | |a last modification |c 19951110 00:00:00 |k Rodrigo Vera | ||
| 490 | 0 | |a Bibliothèque d'Histoire de la Philosophie | |
| 999 | |c 241117 |d 241115 | ||
| 952 | |0 0 |1 0 |4 0 |6 193_000000000000000_SUS_1942 |7 0 |8 P |9 253280 |a BIBEDU |b BIBEDU |c BIBEDU_PB |d 2019-11-19 |h v.2 |i 1599062 |o 193 SUS 1942 |p 1599062 |r 2024-01-25 |w 2019-11-19 |y BK |k FIL | ||